5 pays par longueur des côtes - Statistiques

Statistiques générales
  • Ce quiz a été pris 77 fois
  • Le résultat moyen est 25 sur 30
Statistiques - réponses
Continent Longueur (Km) Pays % Correct
Océanie 34 100 Australie
98%
Amérique du Nord 69 500 Etats-Unis
98%
Amérique du Nord 137 000 Canada
97%
Amérique du Sud 18 700 Brésil
95%
Amérique du Sud 31 300 Chili
95%
Europe 27 400 Norvège
95%
Océanie 10 300 Nouvelle-Zélande
95%
Amérique du Sud 5 910 Argentine
94%
Asie 16 800 Chine
94%
Europe 12 200 France
94%
Asie 15 500 Japon
92%
Amérique du Nord 15 600 Mexique
92%
Europe 73 100 Russie
92%
Afrique 3 070 Afrique du Sud
91%
Asie 11 000 Inde
91%
Asie 52 500 Indonésie
91%
Amérique du Sud 3 560 Colombie
89%
Afrique 2 710 Maroc
89%
Europe 16 700 Royaume-Uni
89%
Amérique du Nord 5 750 Cuba
84%
Amérique du Sud 5 480 Venezuela
84%
Asie 17 300 Philippines
81%
Océanie 11 200 Papouasie Nouvelle-Guinée
80%
Océanie 2 610 Fidji
73%
Europe 48 800 Danemark
72%
Afrique 2 440 Somalie
69%
Afrique 5 440 Madagascar
64%
Océanie 4 500 Îles Salomon
59%
Afrique 3 840 Mozambique
55%
Amérique du Nord 3 780 Bahamas
44%
Aucun quiz correspondant
Distribution des résultats
% des personnes avec chaque résultat
Percentile par nombre de réponses
Votre historique - résultats
Vous n’avez pas pris ce quiz